Torah, Quran, or New Testament? Quiz Stats

 Plays Quiz Updated May 30, 2018

Score 0/15 Timer 02:00
1 Play Today
Question Answer Wrong Answers
The Moon Quran
86.1%
Torah
6.2%
New Testament
2.9%
Exodus Torah
86%
Quran
1.2%
New Testament
8.2%
Genesis Torah
85.3%
Quran
1.2%
New Testament
8.9%
Colossians New Testament
83.3%
Torah
8.6%
Quran
3.5%
Galatians New Testament
83%
Torah
9%
Quran
3.3%
Women Quran
82.6%
Torah
7%
New Testament
5.7%
Deuteronomy Torah
82.4%
Quran
1.6%
New Testament
11.1%
Leviticus Torah
82.1%
Quran
1.3%
New Testament
11.9%
Numbers Torah
78%
Quran
3.6%
New Testament
13.7%
Jude New Testament
66.6%
Torah
19.4%
Quran
9.5%
Philemon New Testament
62.4%
Torah
15.3%
Quran
17.4%
Mary Quran
62.4%
Torah
7.7%
New Testament
25.4%
Hebrews New Testament
61.9%
Torah
29.9%
Quran
3.7%
Abraham Quran
58.5%
Torah
30.2%
New Testament
6.8%
Joseph Quran
40.5%
Torah
35.9%
New Testament
19.1%

You're not logged in!

Compare scores with friends on all Sporcle quizzes.
OR
Log In

Sporcle TV

Today on Sporcle TV


Watch our educational content, quiz creation guides, and fun videos on Sporcle TV.

Show Comments

Extras

Top Quizzes Today


Score Distribution

Your Account Isn't Verified!

In order to create a playlist on Sporcle, you need to verify the email address you used during registration. Go to your Sporcle Settings to finish the process.

Report this User

Report this user for behavior that violates our Community Guidelines.

Details: